|
|
|
|
| LEADER |
01229nam a2200301 a 4500 |
| 001 |
29729 |
| 003 |
BD-DhAAL |
| 005 |
20230525134915.0 |
| 008 |
150827s2003 enk b 000 0 eng |
| 010 |
|
|
|a 94152953
|
| 020 |
|
|
|a 1420947877
|
| 020 |
|
|
|a 9781402947878
|
| 040 |
|
|
|a DLC
|c DLC
|d DLC
|d BD-DhAAL
|
| 041 |
1 |
|
|a eng
|
| 050 |
0 |
0 |
|a N64
|b .H4213 1993
|
| 082 |
0 |
0 |
|a 701.17
|2 20
|
| 100 |
1 |
|
|a Hegel, Georg Wilhelm Friedrich,
|d 1770-1831.
|9 13885
|
| 245 |
1 |
0 |
|a Introductory lectures on aesthetics /
|c Hegel ; translated by W. Hastie.
|
| 260 |
|
|
|a London ;
|a New York :
|b Penguin Books ;
|b Digireads.com classic,
|c 2013.
|
| 300 |
|
|
|a 40 p. ;
|c 18 cm.
|
| 504 |
|
|
|a Includes bibliographical references.
|
| 541 |
|
|
|e 29729
|
| 650 |
|
0 |
|a Aesthetics.
|9 14222
|
| 700 |
1 |
|
|a Hastie, W. [translator]
|9 14223
|
| 942 |
|
|
|2 ddc
|c BK
|
| 999 |
|
|
|c 35369
|d 35369
|
| 952 |
|
|
|0 0
|1 0
|2 ddc
|4 0
|6 701_170000000000000_HEG
|7 0
|9 55595
|a BRACUL
|b BRACUL
|c GEN
|d 2015-08-27
|e Karim International
|g 1000.00
|l 1
|o 701.17 HEG
|p 3010029729
|r 2021-12-23
|s 2021-12-15
|t 1
|w 2015-08-27
|y BK
|
| 952 |
|
|
|0 0
|1 0
|2 ddc
|4 0
|6 701_170000000000000_HEG
|7 0
|9 55596
|a BRACUL
|b BRACUL
|c GEN
|d 2015-08-27
|e Karim International
|g 1000.00
|l 2
|o 701.17 HEG
|p 3010029730
|r 2021-12-23
|s 2021-12-15
|t 2
|w 2015-08-27
|y BK
|